Loading...
| Arts - Music | 5 | 18.00 | 100% | 80% | 0% |
| Arts - Other Arts | 3 | 13.33 | 67% | 67% | 0% |
| Arts - Painting | 6 | 13.33 | 100% | 33% | 0% |
| History - American | 1 | 20.00 | 100% | 100% | 0% |
| History - American History | 3 | 13.33 | 100% | 0% | 33% |
| History - European | 5 | 14.00 | 100% | 40% | 0% |
| History - Other History | 5 | 16.00 | 80% | 60% | 20% |
| History - World | 1 | 10.00 | 100% | 0% | 0% |
| History - World History | 3 | 13.33 | 100% | 33% | 0% |
| Literature - American Lit | 3 | 13.33 | 100% | 33% | 0% |
| Literature - British Lit | 5 | 6.00 | 60% | 0% | 0% |
| Literature - European Lit | 2 | 10.00 | 100% | 0% | 0% |
| Literature - World Lit | 2 | 15.00 | 100% | 50% | 0% |
| Mythology | 4 | 15.00 | 100% | 50% | 0% |
| Other - Geo/CE | 3 | 20.00 | 100% | 67% | 33% |
| Other Academic | 5 | 16.00 | 100% | 40% | 20% |
| Pop Culture | 5 | 12.00 | 100% | 20% | 0% |
| Religion | 4 | 12.50 | 100% | 25% | 0% |
| Science - Biology | 3 | 20.00 | 100% | 67% | 33% |
| Science - Chemistry | 1 | 20.00 | 100% | 100% | 0% |
| Science - Other Science | 4 | 10.00 | 75% | 25% | 0% |
| Science - Physics | 4 | 10.00 | 100% | 0% | 0% |
| Thought - Philosophy | 7 | 10.00 | 100% | 0% | 0% |
| Thought - Social Science | 4 | 7.50 | 75% | 0% | 0% |